| 000 | 00555nam a2200169 4500 | ||
|---|---|---|---|
| 005 | 20260424222155.0 | ||
| 008 | - | ||
| 020 | _aISBN 978-989-35220-1-1 | ||
| 040 |
_aBiblioteca LadoV Teorética _cBiblioteca LadoV Teorética |
||
| 082 | 0 | 4 |
_a708.946.942 _bM929t |
| 100 | 1 | _aMourâo, Joâo | |
| 245 | 1 | 0 |
_aThunder in our hearts : _bA Conversa / _cpor Joâo Mourâo e Luís Silva |
| 260 | 1 |
_aPortugal : _bKunsthalle Lissabon, _c2024 |
|
| 300 |
_a299 páginas : _bfotografías a color ; _c25 x 20 cm. |
||
| 650 | 7 |
_2UNESCO _aGALERÍA DE ARTE |
|
| 942 |
_2ddc _c1 _n0 |
||
| 999 |
_c4653 _d4653 |
||